| 000 | 00360nam a2200121Ia 4500 | ||
|---|---|---|---|
| 008 | 230907s9999||||xx |||||||||||||| ||und|| | ||
| 082 |
_a621.3822 _bIFE |
||
| 100 |
_aIfeachor, Emmanuel C. _997891 |
||
| 245 | 0 | _aDigital signal processing : | |
| 260 |
_aPrentice Hall, | Pearson, _bHarlow, England ; | New York : _c2002 |
||
| 300 | _axxiii, 933 p. : | ||
| 942 | _cBK | ||
| 999 |
_c598572 _d598572 |
||